Estadísticas para Quiz del Imperio Romano

Haz click aquí para intentar la prueba.

Estadísticas generales

  • Esta prueba ha sido intentada 214 veces
  • La puntuación promedio es 10 de 15

Estadísticas de respuestas

PreguntaRespuesta% Correcto
1¿Cual era la capital del
Imperio Romano?
Roma
100%
4¿Que idioma se hablaba en el
Imperio?
Latín
89%
7Las vias romanas servian para comerciar,
¿Verdadero o falso?
Verdadero
89%
5¿En números actuales, que numero
romano corresponde con la letra C ?
100
87%
13Primero conquistaron el occidente del mar
mediterráneo,
¿Verdadero o falso?
Falso
86%
10¿En que mitología se basaron los romanos?Griega
83%
15¿Que religión surgió del Imperio Romano?Cristianismo
77%
11¿Como se conocia antaño la península Ibérica?Hispania
69%
14¿De que material se hizo la primera moneda
romana?
Cobre
66%
2¿Como llamaban los romanos al
mar Mediterráneo?
Mare Nostrum
59%
8¿En que edificio de entretenimiento
romano se hacian carreras de caballos?
Circo
51%
6¿Como se llamaban los militares de la
antigua roma?
Legionarios
49%
3¿Cual era el nivel social más
alto de la Antigua Roma?
Patricios
44%
9¿En que tipo de casa vivían los ricos en
el Imperio Romano?
Domus
41%
12¿Como se llamaban las pequeñas piedras
utilizadas para construir los mosaicos?
Tesela
28%

Distribución de puntuación

Porcentaje por número respondido

Porcentaje de gente con cada puntuación

Historial de tus puntuaciones

No has intentado esta prueba.